ANATOMY OF GREED (Record no. 31904)

MARC details
000 -LEADER
fixed length control field 00253nam a22001217a 4500
003 - CONTROL NUMBER IDENTIFIER
control field SGT
082 ## - DEWEY DECIMAL CLASSIFICATION NUMBER
Classification number 080
Item number A02C
100 ## - MAIN ENTRY--PERSONAL NAME
Personal name CRUVER, BRIAN
245 ## - TITLE STATEMENT
Title ANATOMY OF GREED
260 ## - PUBLICATION, DISTRIBUTION, ETC. (IMPRINT)
Name of publisher, distributor, etc THE RANDOM HOUSE HP. LTD.
Year of Publication 2002
300 ## - PAGE DESCRIPTION
No. of Pages 365
942 ## - ADDED ENTRY ELEMENTS (KOHA)
Source of classification or shelving scheme Dewey Decimal Classification
Koha item type Books
Holdings
Withdrawn status Lost status Source of classification or shelving scheme Damaged status Not for loan Home library Current library Shelving location Date acquired SGTU Total Checkouts Full call number Accession No. (Barcode) Date last seen Bill Date Koha item type
    Dewey Decimal Classification   Not For Loan SGT Chancellor's Library SGT Chancellor's Library Reference Book 03/07/2025 SGTU   080 A02C CH3921 03/07/2025 03/07/2025 Books